| 000 | 00728nam a2200205 a 4500 | ||
|---|---|---|---|
| 003 | 0 | ||
| 005 | 20250410130554.0 | ||
| 008 | 970101s19uu xx 00 eng d | ||
| 050 |
_aPGS ML 3830 _b.R896 2004 |
||
| 100 | _aRubiso, Andrew M. | ||
| 245 |
_aA study on the music listening habits of grade seven / _cAndrew M. Rubiso. |
||
| 260 |
_aLas PiƱas City, Philippines : _bSouthville International School and Colleges, _c2004. |
||
| 300 |
_a23 pages : _billustrations ; _c28 cm. |
||
| 504 | _aIncludes bibliographical references. | ||
| 650 |
_aMusic _vListening habits. |
||
| 650 |
_aMusic _vSocial aspects. |
||
| 650 |
_aConcerts _vSocial aspects. |
||
| 650 |
_aPopular music _vPsychological aspects. |
||
| 942 |
_2lcc _cPASS |
||
| 999 |
_c97048 _d97048 |
||